| 000 | 01523nam a2200373Ia 4500 | ||
|---|---|---|---|
| 001 | ebr10663034 | ||
| 003 | CaPaEBR | ||
| 006 | m u | ||
| 007 | cr cn||||||||| | ||
| 008 | 081126s2009 nyua sb 001 0 eng d | ||
| 020 | _z160692690X (v. 1 : hardcover : alk. paper) | ||
| 020 | _z9781606926901 (v. 1 : hardcover : alk. paper) | ||
| 020 | _z9781612093857 | ||
| 040 |
_aCaPaEBR _cCaPaEBR |
||
| 035 | _a(OCoLC)847655453 | ||
| 050 | 1 | 4 |
_aRA527 _b.H43 2009eb |
| 082 | 0 | 4 |
_a362.10951 _222 |
| 245 | 0 | 0 |
_aHealth issues in Chinese contexts _h[electronic resource] . _nVolume 1 / _cZenobia C.Y. Chan, editor. |
| 260 |
_aHauppauge, NY : _bNova Science Publishers, _cc2009. |
||
| 300 |
_axiv, 259 p. : _bill. (some col.). |
||
| 490 | 0 |
_aHealth issues in Chinese contexts series ; _vv. 1 |
|
| 504 | _aIncludes bibliographical references and index. | ||
| 533 |
_aElectronic reproduction. _bPalo Alto, Calif. : _cebrary, _d2013. _nAvailable via World Wide Web. _nAccess may be limited to ebrary affiliated libraries. |
||
| 650 | 0 |
_aPublic health _zChina. |
|
| 650 | 0 |
_aPublic health _zChina _zHong Kong. |
|
| 650 | 0 |
_aMedical care _zChina. |
|
| 650 | 0 |
_aMedical care _zChina _zHong Kong. |
|
| 650 | 0 |
_aHealth attitudes _zChina. |
|
| 650 | 0 |
_aHealth attitudes _zChina _zHong Kong. |
|
| 655 | 7 |
_aElectronic books. _2local |
|
| 700 | 1 | _aChan, Zenobia C. Y. | |
| 710 | 2 | _aebrary, Inc. | |
| 856 | 4 | 0 |
_uhttp://site.ebrary.com/lib/rucke/Doc?id=10663034 _zAn electronic book accessible through the World Wide Web; click to view |
| 999 |
_c68958 _d68958 |
||